01001nam a2200241Ia 4500001000600000003000900006008004100015040001300056040001300069041001300082100001900095100002900114245005000143245005000193250001100243260000900254260001700263260004900280300004300329500033200372650002400704650003100728 9800IT-RoPAU130308s9999 xx 000 0 und d aIT-RoPAU cIT-RoPAU aITALIANO aGiordani Igino gCodice Aut. SPICS: 6044 aMessaggio sociale di Gesù (Il)-Gli evangeli bMessaggio Sociale di Gesù (Il)-Gli Evangeli a9a ed. aROMA bCitta' Nuova c1966 [1° Ed.:1951 - Ed.Ling.Originale:1951] a"408 p. (prefazione: no ; testo: 408)" aAmbiente Storico Ordine Nuovo Umanità Come Famiglia Soggettos Sociale legge Antica rinnovata la Giustizia legge Nuova l'amore Famiglia Gesu' e L'Autorità Costituita Autorità Costituita contro Gesu' Problema Economico Lavoro Sanità Sociale Amore e Libertà Universalità Uguaglianza Fraternità Autorità e Gerarchia aSAGGI DI SOCIOLOGIA eCodice materia Spics: 3657